|
|
|
|
| LEADER |
00735naa a2200193 i 4500 |
| 001 |
misc29956 |
| 005 |
20200430142028.0 |
| 008 |
180413s1983 hu o 0|| lat d |
| 020 |
|
|
|a 963-481-236-8
|
| 040 |
|
|
|a SZTE Miscellanea Repozitórium
|b hun
|
| 041 |
|
|
|a lat
|
| 041 |
|
|
|a hun
|
| 100 |
1 |
|
|a Iványi Béla
|
| 245 |
1 |
3 |
|a Az írás és könyvek Eperjesen a XV-XVI. században
|h [elektronikus dokumentum] /
|c Iványi Béla
|
| 260 |
|
|
|c 1983
|
| 300 |
|
|
|a 339-373
|
| 490 |
0 |
|
|a Adattár XVI-XVIII. századi szellemi mozgalmaink történetéhez
|v 11
|
| 695 |
|
|
|a Művelődéstörténet - Eperjes - 15-16. sz. - forrás, Könyvtörténet - Eperjes - 15-16. sz.
|
| 856 |
4 |
0 |
|u http://misc.bibl.u-szeged.hu/29956/1/ad_011_339-373.pdf
|z Dokumentum-elérés
|